Pokémon - Les attaques de Électrode - Statistiques

Statistiques générales
  • Ce quiz a été pris 25 fois
    12 depuis la dernière actualisation
  • Le résultat moyen est 12 sur 17
Statistiques - réponses
Niveaux Types Noms des attaques % Correct
Départ Normal Charge
100%
Départ Électrique Chargeur
100%
Niveau 26 Normal Destruction
100%
Niveau 47 Normal Explosion
100%
Niveau 11 Roche Roulade
100%
Niveau 41 Électrique Coup d'Jus
83%
Niveau 29 Psy Mur Lumière
83%
Niveau 22 Électrique Boule Élek
67%
Niveau 9 Électrique Étincelle
67%
Niveau 54 Acier Gyroballe
67%
Niveau 36 Électrique Vol Magnétik
67%
Niveau 13 Normal Grincement
50%
Départ Électrique Magné-Contrôle
50%
Départ Électrique Ondes Étranges
50%
Niveau 16 Électrique Rayon Chargé
50%
Niveau 20 Normal Météores
33%
Niveau 58 Psy Voile Miroir
33%
Aucun quiz correspondant
Distribution des résultats
% des personnes avec chaque résultat
Percentile par nombre de réponses
Votre historique - résultats
Vous n’avez pas pris ce quiz depuis la dernière actualisation